000
00305nam a22001457a 4500
008
210304b ||||| |||| 00| 0 eng d
020
_a
0407006583
041
_a
eng
080
_2
4th
_a
61
082
_a
61
100
_a
3
101
_a
SHM
245
_a
Operative Surgery
_c
Dudley, G
942
_2
udc
_c
BK
999
_c
55753
_d
55753